| Tag |
First Indicator |
Second Indicator |
Subfields |
| LEADER |
00000cam a2200000 a 4500 |
| 001 |
in00000007282 |
| 005 |
20151005060024.0 |
| 008 |
870114s1986 nyu b 00110 eng |
| 010 |
|
|
|a 87002234
|
| 020 |
|
|
|a 0809128705 :
|c $8.95
|
| 035 |
|
|
|a (OCoLC)15133538
|
| 035 |
|
|
|9 AAA1766AM
|
| 040 |
|
|
|a DLC
|c DLC
|d TXA
|d UtOrBLW
|
| 049 |
|
|
|a TXAM
|c [A12613515]
|
| 050 |
0 |
0 |
|a BF1078
|b .O27 1986
|
| 082 |
0 |
|
|a 154.6/34
|2 19
|
| 100 |
1 |
|
|a O'Connor, Peter.
|
| 245 |
1 |
0 |
|a Dreams and the search for meaning /
|c Peter O'Connor.
|
| 264 |
|
1 |
|a New York :
|b Paulist Press,
|c [1986]
|
| 264 |
|
4 |
|c ©1986
|
| 300 |
|
|
|a xiii, 247 pages ;
|c 21 cm.
|
| 336 |
|
|
|a text
|b txt
|2 rdacontent
|
| 337 |
|
|
|a unmediated
|b n
|2 rdamedia
|
| 338 |
|
|
|a volume
|b nc
|2 rdacarrier
|
| 504 |
|
|
|a Bibliography: pages 232-241.
|
| 500 |
|
|
|a Includes index.
|
| 650 |
|
0 |
|a Dreams.
|
| 999 |
|
|
|a MARS
|
| 999 |
f |
f |
|s ad35f732-d7cb-3d4f-8d88-7c9ad5da1b08
|i 48fad784-7bd1-3c1c-bc19-fb7ffc95e121
|t 0
|
| 952 |
f |
f |
|p ric
|a Texas A&M University
|b Rellis Campus
|c Joint Library Facility
|d Remote Storage
|t 0
|e BF1078 .O27 1986
|h Library of Congress classification
|i unmediated -- volume
|m A14812613515
|
| 998 |
f |
f |
|a BF1078 .O27 1986
|t 0
|l Remote Storage
|